Classical electrodynamics
Αποθηκεύτηκε σε:
| Κύριος συγγραφέας: | |
|---|---|
| Μορφή: | Βιβλίο |
| Γλώσσα: | English |
| Δημοσίευση: |
New York :
Wiley,
c1975
|
| Έκδοση: | 2d ed |
| Θέματα: | |
| Ετικέτες: |
Προσθήκη ετικέτας
Δεν υπάρχουν, Καταχωρήστε ετικέτα πρώτοι!
|
MARC
| LEADER | 00000cam a2200000 i 4500 | ||
|---|---|---|---|
| 001 | 1/34892 | ||
| 008 | 941103s1975 eng d | ||
| 020 | |a 047143132X | ||
| 035 | |l 10039780 | ||
| 035 | |a 1991 |c ΜΥΡΙΤΖΗΣ | ||
| 040 | |a GR-MY-UA |b gre |e aacr | ||
| 041 | 0 | |a eng | |
| 082 | 0 | |a 537.601 | |
| 100 | 1 | |a Jackson, John David |d 1925- | |
| 245 | 1 | 0 | |a Classical electrodynamics / |c John David Jackson |
| 250 | |a 2d ed | ||
| 260 | |a New York : |b Wiley, |c c1975 | ||
| 300 | |a xxii, 848 p.; |b ill.; |c 24 cm | ||
| 500 | |a Includes index | ||
| 504 | |a Bibliography: p. 822-827 | ||
| 650 | 0 | 0 | |a Electrodynamics. |
| 852 | |a INST |b SAMOS |e 19941103 |h 537.601 JAC |p 005300003031 |q 005300003031 |t BK |y 0 | ||
| 909 | |a Σ |b 021224 | ||